Basketball in action.

Bibliographic Details
Main Author: Fraley, Oscar, 1914-1994
Format: Book
Language:English
Published: New York, A.A. Wyn [1954]
Series:[Sports-in-action books]
Subjects:

MARC

Tag First Indicator Second Indicator Subfields
LEADER 00000cam a22000007 4500
001 in00000025296
005 20230810115002.0
008 810716s1954 nyua 000 0 eng d
010 |a  54011366  
019 |a 1516306 
029 1 |a AU@  |b 000008832208 
029 1 |a NZ1  |b 7813803 
029 1 |a NZ1  |b 874986 
035 |a (OCoLC)ocm07591640  
035 |a (OCoLC)7591640  |z (OCoLC)1516306 
035 |a (OCoLC)ocm07591640  
040 |a PLF  |b eng  |c PLF  |d VYM  |d OCLCQ  |d OCLCG  |d OCLCQ  |d OCLCF  |d OCLCO  |d OCLCQ  |d OCLCA  |d MNB  |d NZ1  |d OCLCQ  |d OCLCO 
050 4 |a GV885  |b .F812 1954 
082 0 4 |a 796.24  |b F843b 
100 1 |a Fraley, Oscar,  |d 1914-1994. 
245 1 0 |a Basketball in action.  |c Pictures by Charles Yerkow. 
260 |a New York,  |b A.A. Wyn  |c [1954] 
300 |a 94 pages  |b illustrations 
336 |a text  |b txt  |2 rdacontent 
337 |a unmediated  |b n  |2 rdamedia 
338 |a volume  |b nc  |2 rdacarrier 
490 0 |a [Sports-in-action books] 
650 0 |a Basketball. 
650 1 |a Basketball. 
650 6 |a Basket-ball. 
650 7 |a basketball (court ball games)  |2 aat 
650 7 |a Basketball.  |2 fast  |0 (OCoLC)fst00828203 
948 |h HELD BY TXA - 33 OTHER HOLDINGS 
994 |a Z0  |b TXA 
999 f f |s 96405128-7306-3df2-87d6-b8c5627c86cb  |i 28aef689-2d68-32ac-b199-9639f6f2f321  |t 0 
952 f f |p ric  |a Texas A&M University  |b Rellis Campus  |c Joint Library Facility  |d Remote Storage  |t 0  |e GV885 .F68  |h Library of Congress classification  |i unmediated -- volume  |m A14801183997 
998 f f |a GV885 .F68  |t 0  |l Remote Storage